Les 10 rappeurs français les plus écoutés de l’histoire sur Spotify - Statistiques

Statistiques générales
  • Ce quiz a été pris 7 628 fois
  • Le résultat moyen est 6 sur 10
Statistiques - réponses
Hint Réponse % Correct
1 Jul
94%
3 NInho
86%
8 Booba
78%
2 PNL
69%
6 Damso
64%
9 Niska
62%
5 Gims
54%
7 Nekfeu
50%
10 Dadju
23%
4 Aya Nakamura
16%
Aucun quiz correspondant
Distribution des résultats
% des personnes avec chaque résultat
Percentile par nombre de réponses
Votre historique - résultats
Vous n’avez pas pris ce quiz